Journal of machining and forming technologies

Bibliographic Details
Corporate Author: Nova Science Publishers
Format: Electronic Journal
Language:English
Published: Hauppauge, NY : Nova Science
Subjects:
Online Access:Full text available from Research Library: 01/01/2011 to 07/31/2016

MARC

LEADER 00000nas a2200000 a 4500
001 ssj0001454301
003 WaSeSS
005 20200512172242.0
006 m d
007 cr n
008 090213c20099999nyuqr p s 0 a0eng
010 |a  2009202229 
022 |y 1947-4369 
035 |a (WaSeSS)ssj0001454301 
037 |b Nova Science Pub. Inc., 400 Oser Ave., Suite 1600, Hauppauge, NY 11788-3619  |c $55.00 (single issue), $195.00 (1 yr.) 
040 |a NSD  |b eng  |c NSD  |d DLC  |d OCLCQ  |d OCLCO  |d AU@  |d CUS  |d OCLCF  |d WaSeSS 
042 |a pcc  |a nsdp 
050 0 0 |a TJ1180.A1  |b J68 
082 1 0 |a 621  |2 14 
210 0 |a Journal mach. form. technol. 
222 0 |a Journal of machining and forming technologies 
245 0 0 |a Journal of machining and forming technologies  |h [electronic resource]. 
246 1 3 |a JMFT 
260 |a Hauppauge, NY :  |b Nova Science 
310 |a Quarterly 
362 1 |a Began with vol. 1, issue1/2 (2009). 
506 |a License restrictions may limit access. 
588 |a Description based on first issue; title from cover. 
650 0 |a Machining  |v Periodicals. 
650 0 |a Machining  |x Mathematical models  |v Periodicals. 
650 0 |a Production engineering  |v Periodicals. 
650 7 |a Machining.  |2 fast  |0 (OCoLC)fst01005112 
650 7 |a Production engineering.  |2 fast  |0 (OCoLC)fst01078282 
655 0 |a Electronic journals. 
710 2 |a Nova Science Publishers. 
850 |a DLC 
856 4 0 |z Full text available from Research Library: 01/01/2011 to 07/31/2016  |u https://search.proquest.com/publication/2034837